Wie ich meine Heimat verließ

Titel: Wie ich meine Heimat verließ / Theodor Weissenborn
Verfasser:
In: Pommern, Band 15, Heft 2 (1977), Seite 1-4
alle Artikel anzeigen
Veröffentlicht: 1977
Umfang: Illustrationen
Format: Aufsatz
Sprache: Deutsch
Schlagworte:
Kein Bild verfügbar
X
alg: 43258790
001A    $03025:14-06-18 
001B    $01999:14-06-18 $t23:10:58.000 
001C    $03025:14-06-18 $t15:09:52.000 
001D    $03025:14-06-18 
001U    $0utf8 
001X    $00 
002@    $0Aou 
002C    $aText $btxt $2rdacontent 
002D    $aohne Hilfsmittel zu benutzen $bn $2rdamedia 
002E    $aBand $bnc $2rdacarrier 
003@    $043258790X 
007A    $043258790X $aHEB 
010@    $ager 
010E    $erda 
011@    $a1977 
021A    $aWie ich meine Heimat verließ $hTheodor Weissenborn 
028A    $BVerfasser $#Weissenborn, Theodor $4aut $7117745499 $8Weißenborn, Theodor$Z1933-2021 [Tp1] $9091151503 
031A    $d15 $e2 $h1-4 $j1977 
034M    $aIllustrationen 
039B    $aEnthalten in $8--Abvc--. Pommern. - Greifswald : Pommersche Stiftung für historische Bildung, 1967-. - ISSN 0032-4167 $x197700000150002999 $9048244473 
044K    $RDeutsches Sprachgebiet $RDeutschland $RDeutschland $#Deutsche Länder $#Germany Deutschland $#Heiliges Römisches Reich $#Rheinbund $#Deutscher Bund $#Norddeutscher Bund $#Deutsches Reich $#Deutschland Gebiet unter Alliierter Besatzung $#Deutschland Bundesrepublik, 1990- $#BRD 1990- $#Federal Republic of Germany Deutschland $#Republic of Germany Deutschland $#Allemagne Deutschland $#Ǧumhūrīyat Almāniyā al-Ittiḥādīya $#Bundesrepublik Deutschland 1990- $#BRD $#Niemcy $#République Fédérale d'Allemagne Deutschland $#Repubblica Federale di Germania Deutschland $#Germanija $#Federativnaja Respublika Germanija $#FRG $#Deyizhi-Lianbang-Gongheguo $74011882-4 $8Deutschland [Tg1] $9085025550 
044K    $RAuswanderung $RVertreibung $#Escapes $#Évasions $#Flucht $#Entweichen Flucht $#Entfliehen $74017598-4 $8Flucht [Ts1] $9085041114 
044K    $RProsa $RKurzepik $RNovelle $RNarrativ $#Fiction $#Fiction History and criticism $#Nouvelles $#Erzählung $#Geschichte Erzählung $#Prosaerzählung $#Erzählungen $#Geschichten $74015464-6 $8Erzählung [Tsz] $9085035289 
045T    $a7,41 $a8,1 

lok: 43258790 78

exp: 43258790 78 1 #EPN
201B/01 $014-06-18 $t15:04:45.000 
201C/01 $014-06-18 
201U/01 $0utf8 
203@/01 $01023577682 
208@/01 $a14-06-18 $be 
209A/01 $a/ $f000 $x00 
209A/01 $ab*p $x01 
220C/01 $awma 
244Z/01 $#Pommern $#Pommern $#Herzogtum Pommern $#Herzogthum Pommern $#Provinz Pommern $#Pomorze $74046744-2 $8--Tg1--Pommern $x06 $9085130354 
247C/01 $82080>Marburg/Lahn, Herder-Institut, Forschungsbibliothek, Bibliographieportal $9336309341
LEADER 00000caa a2200000 c 4500
001 43258790X
003 DE-603
005 20180614231058.0
007 tu
008 180614s1977 xx |||| | u00||u|ger c
035 |a (DE-599)HEB43258790X 
040 |a DE-603  |b ger  |c DE-603  |d DE-603  |e rda 
041 |a ger 
084 |a 7,41  |a 8,1  |2 ssgn 
100 1 |a Weißenborn, Theodor  |d 1933-2021  |e Verfasser  |4 aut  |0 (DE-603)091151503  |0 (DE-588)117745499  |2 gnd 
245 0 0 |a Wie ich meine Heimat verließ  |c Theodor Weissenborn 
264 0 |c 1977 
300 |b Illustrationen 
336 |a Text  |b txt  |2 rdacontent 
337 |a ohne Hilfsmittel zu benutzen  |b n  |2 rdamedia 
338 |a Band  |b nc  |2 rdacarrier 
650 7 |a Flucht  |0 (DE-588)4017598-4  |0 (DE-603)085041114  |2 gnd 
650 7 |a Erzählung  |0 (DE-588)4015464-6  |0 (DE-603)085035289  |2 gnd 
651 7 |a Deutschland  |0 (DE-588)4011882-4  |0 (DE-603)085025550  |2 gnd 
773 0 8 |i Enthalten in  |t Pommern  |d Greifswald : Pommersche Stiftung für historische Bildung, 1967-  |h 30 cm  |x 0032-4167  |g Band 15, Heft 2 (1977), Seite 1-4  |w (DE-603)048244473  |w (DE-600)958645-3 
924 0 |9 2080  |a (DE-603)1023577682  |b DE-2080  |c HES  |d d  |g /